| 000 | 00414pab a2200169 454500 | ||
|---|---|---|---|
| 008 | 180718b1989 xxu||||| |||| 00| 0 eng d | ||
| 100 | _aDas, S.K. | ||
| 245 |
_aPest control _bIts impact on urban ecology |
||
| 260 | _c1989 | ||
| 300 | _a703-4 | ||
| 362 | _a28 Jan.25Mar. | ||
| 650 | _aPesticides | ||
| 700 | _aS. Bhattachryya | ||
| 700 | _aB. Mishra | ||
| 773 | _aCalcutta Municipal Gazette | ||
| 909 | _a15041 | ||
| 999 |
_c15041 _d15041 |
||